000 00597nam a2200181Ia 4500
003 GCL
008 140319s9999 xx 000 0 ara d
040 _aGCL /
_cGCL
082 0 4 _a658.409
_bم م
245 1 0 _aمهارات التفاوض: NEGOTIATION SKILLS كيف تحصل على ماتريد ?
300 _a175
490 _aمجموعة مهارات تطوير الاداء
_v0
650 0 4 _aادارة الاعمال
650 0 4 _aادارة الاعمال والسياسة
650 0 4 _aالتنمية الادارية
650 0 4 _aالاساليب الادارية
942 _2ddc
_cBK
999 _c49712
_d49712